[Event "GBR-ch82"]
[Site "Swansea"]
[Date "1995.08.09"]
[Round "9"]
[White "Bates, Richard A"]
[Black "Summerscale, Aaron P"]
[Result "0-1"]
[WhiteElo "2345"]
[BlackElo "2455"]
[PlyCount "74"]
[EventDate "1995.07.31"]
[EventType "swiss"]
[EventRounds "11"]
[EventCountry "GBR"]
[SourceTitle "BritBase"]
[Source "John Saunders"]
[SourceDate "2023.06.01"]
[SourceVersion "1"]
[SourceVersionDate "2023.06.01"]
[SourceQuality "1"]

1. d4 d6 2. Nf3 Bg4 3. e4 Nf6 4. h3 Bh5 5. Nc3 e6 6. Bd3 c6 7. g4 Bg6 8. Bg5
Be7 9. Qe2 d5 10. Bxf6 Bxf6 11. O-O-O Qa5 12. Kb1 Nd7 13. Nd2 O-O-O 14. f4 dxe4
15. Ncxe4 Qc7 16. Qe3 Be7 17. Nf3 c5 18. Bb5 Nf6 19. Nxc5 Nd5 20. Qa3 b6 21.
Qa6+ Kb8 22. Nd3 Be4 23. Nfe5 Ne3 24. Rc1 f6 25. Nf7 Bxh1 26. Nxd8 Bd5 27. Nf7
Rf8 28. Nfe5 fxe5 29. Nxe5 Bb7 30. Qa4 Rxf4 31. Qb3 Nd5 32. c4 Nb4 33. a3 Nc6
34. Qg3 g5 35. Nxc6+ Bxc6 36. d5 Bxb5 37. cxb5 Rc4 0-1

[Event "GBR-ch82"]
[Site "Swansea"]
[Date "1995.08.09"]
[Round "9"]
[White "Cobb, James E"]
[Black "Cooper, Lawrence"]
[Result "1-0"]
[WhiteElo "2280"]
[BlackElo "2315"]
[PlyCount "101"]
[EventDate "1995.07.31"]
[EventType "swiss"]
[EventRounds "11"]
[EventCountry "GBR"]
[SourceTitle "BritBase"]
[Source "John Saunders"]
[SourceDate "2023.06.01"]
[SourceVersion "1"]
[SourceVersionDate "2023.06.01"]
[SourceQuality "1"]

1. e4 e5 2. Nf3 Nc6 3. Bc4 Nf6 4. d3 Bc5 5. Nc3 d6 6. Bg5 h6 7. Bxf6 Qxf6 8.
Nd5 Qd8 9. c3 a6 10. d4 Ba7 11. h3 O-O 12. O-O Re8 13. Re1 Be6 14. Rc1 Kh8 15.
b4 f6 16. Nh4 exd4 17. cxd4 Bxd4 18. Nf4 Bxc4 19. Rxc4 Bb6 20. Qh5 Ne5 21. Rc3
Qd7 22. Rg3 Qf7 23. Nfg6+ Kh7 24. Qf5 Nxg6 25. Nxg6 Kg8 26. Qf4 Bd4 27. Qd2 c5
28. Nh4 Kh7 29. Nf5 Rg8 30. Rg4 h5 31. Rh4 Rh8 32. Nxd6 Qe6 33. Rxh5+ Kg6 34.
Rxh8 Rxh8 35. Nf5 Qe5 36. Qe2 Rh5 37. h4 Rxf5 38. exf5+ Qxf5 39. bxc5 Bxc5 40.
Rd1 Kh7 41. g3 b5 42. Kg2 g6 43. Qf3 Qe5 44. Rd5 Qe7 45. Qd3 Kh6 46. Qd2+ g5
47. hxg5+ fxg5 48. Qd3 Qf8 49. Rf5 Qe7 50. Qd5 Ba3 51. Re5 1-0

[Event "GBR-ch82"]
[Site "Swansea"]
[Date "1995.08.09"]
[Round "9"]
[White "Coleman, David J"]
[Black "Mason, Donald J"]
[Result "1/2-1/2"]
[WhiteElo "2255"]
[BlackElo "2295"]
[PlyCount "54"]
[EventDate "1995.07.31"]
[EventType "swiss"]
[EventRounds "11"]
[EventCountry "GBR"]
[SourceTitle "BritBase"]
[Source "John Saunders"]
[SourceDate "2023.06.01"]
[SourceVersion "1"]
[SourceVersionDate "2023.06.01"]
[SourceQuality "1"]

1. e4 e6 2. d4 d5 3. Nc3 Bb4 4. e5 c5 5. a3 Ba5 6. dxc5 Bxc3+ 7. bxc3 Ne7 8.
Bd3 Nd7 9. f4 Nxc5 10. Nf3 Bd7 11. O-O Qc7 12. Nd4 Nxd3 13. Qxd3 Rc8 14. Bd2 a6
15. Qg3 g6 16. Qh4 Nf5 17. Nxf5 exf5 18. c4 O-O 19. Bb4 Rfe8 20. cxd5 Qxc2 21.
Rf2 Qe4 22. Rd2 Rxe5 23. Rad1 Ree8 24. h3 Kg7 25. Kh2 f6 26. Rd4 Qc2 27. R4d2
Qe4 1/2-1/2

[Event "GBR-ch82"]
[Site "Swansea"]
[Date "1995.08.09"]
[Round "9"]
[White "Hennigan, Michael T"]
[Black "Ferguson, Mark"]
[Result "1-0"]
[WhiteElo "2465"]
[BlackElo "2360"]
[PlyCount "79"]
[EventDate "1995.07.31"]
[EventType "swiss"]
[EventRounds "11"]
[EventCountry "GBR"]
[SourceTitle "BritBase"]
[Source "John Saunders"]
[SourceDate "2023.06.01"]
[SourceVersion "1"]
[SourceVersionDate "2023.06.01"]
[SourceQuality "1"]

1. e4 e5 2. Nf3 Nc6 3. d4 exd4 4. Nxd4 Nf6 5. Nxc6 bxc6 6. e5 Qe7 7. Qe2 Nd5 8.
c4 Nb6 9. Nd2 a5 10. g3 Qe6 11. b3 a4 12. Bb2 Bb4 13. Bg2 Ba6 14. f4 O-O-O 15.
O-O d5 16. f5 Qh6 17. Rad1 Rhe8 18. Rf4 g5 19. fxg6 Qxg6 20. Nf1 Kb8 21. Qf2
dxc4 22. Rxd8+ Rxd8 23. Rf6 Qb1 24. Rxc6 Bb7 25. Rxb6 cxb6 26. Qxb6 Rd7 27.
Bxb7 Qxb2 28. Bc6+ Kc8 29. Bxd7+ Kxd7 30. Qxb4 c3 31. Ne3 a3 32. Qd6+ Ke8 33.
Nd5 Qb1+ 34. Kf2 Qc2+ 35. Ke3 Qd2+ 36. Ke4 f5+ 37. Kxf5 Qf2+ 38. Nf4 c2 39. e6
Qa7 40. Qc6+ 1-0

[Event "GBR-ch82"]
[Site "Swansea"]
[Date "1995.08.09"]
[Round "9"]
[White "Lawton, Geoffrey W"]
[Black "Kelly, Brian R"]
[Result "1-0"]
[WhiteElo "2385"]
[BlackElo "2300"]
[PlyCount "89"]
[EventDate "1995.07.31"]
[EventType "swiss"]
[EventRounds "11"]
[EventCountry "GBR"]
[SourceTitle "BritBase"]
[Source "John Saunders"]
[SourceDate "2023.06.01"]
[SourceVersion "1"]
[SourceVersionDate "2023.06.01"]
[SourceQuality "1"]

1. d4 d5 2. c4 c6 3. Nf3 Nf6 4. e3 a6 5. Nc3 b5 6. b3 Bg4 7. Be2 e6 8. O-O Nbd7
9. Bb2 Be7 10. Rc1 Qb8 11. Ne5 Bxe2 12. Nxe2 Nxe5 13. dxe5 Nd7 14. cxd5 cxd5
15. Nd4 Qb7 16. f4 O-O 17. f5 Nxe5 18. fxe6 Rac8 19. Rxc8 Qxc8 20. Qh5 f6 21.
Rc1 Qb7 22. Qd1 g6 23. Qc2 Bd6 24. Nc6 Re8 25. Bxe5 Bxe5 26. Qc5 Qc7 27. Qxd5
Bxh2+ 28. Kf1 Qd6 29. Qxd6 Bxd6 30. Nd4 Be5 31. Rc6 Ra8 32. Ke2 f5 33. Kd3 Kg7
34. Nf3 Bb2 35. e4 fxe4+ 36. Kxe4 Kf6 37. Ne1 a5 38. Nd3 Ba3 39. Nf4 Bb2 40.
Nd5+ Kg7 41. Nc7 Rc8 42. e7 Kf7 43. e8=Q+ Rxe8+ 44. Nxe8 Kxe8 45. Rc5 1-0

[Event "GBR-ch82"]
[Site "Swansea"]
[Date "1995.08.09"]
[Round "9"]
[White "Ledger, Andrew J"]
[Black "Cobb, Charles A"]
[Result "1-0"]
[WhiteElo "2410"]
[BlackElo "2210"]
[PlyCount "81"]
[EventDate "1995.07.31"]
[EventType "swiss"]
[EventRounds "11"]
[EventCountry "GBR"]
[SourceTitle "BritBase"]
[Source "John Saunders"]
[SourceDate "2023.06.01"]
[SourceVersion "1"]
[SourceVersionDate "2023.06.01"]
[SourceQuality "1"]

1. c4 e6 2. Nf3 Nf6 3. Nc3 b6 4. e4 Bb7 5. Bd3 c5 6. e5 Ng4 7. O-O Nc6 8. Be4
Qb8 9. Re1 f5 10. exf6 Nxf6 11. Bxc6 Bxc6 12. d4 Bxf3 13. Qxf3 Bd6 14. d5 O-O
15. dxe6 Bxh2+ 16. Kh1 dxe6 17. Rxe6 Qc8 18. Rxf6 Rxf6 19. Qd5+ Kh8 20. Kxh2
Rxf2 21. Ne4 Rf5 22. Qd3 Rh5+ 23. Kg1 Qg4 24. Nf2 Qe6 25. Bd2 Re8 26. Bc3 Qe7
27. Rd1 Rg5 28. Nh3 Rg4 29. b3 h6 30. Re1 Qf7 31. Rf1 Qh5 32. Qf3 Qh4 33. Nf4
Rg3 34. Qf2 Qg5 35. Bxg7+ Qxg7 36. Nh5 Rxg2+ 37. Qxg2 Qd4+ 38. Qf2 Rg8+ 39. Kh2
Qe5+ 40. Ng3 Rd8 41. Kg2 1-0

[Event "GBR-ch82"]
[Site "Swansea"]
[Date "1995.08.09"]
[Round "9"]
[White "Levitt, Jonathan P"]
[Black "Parker, Jonathan F"]
[Result "1-0"]
[WhiteElo "2420"]
[BlackElo "2415"]
[PlyCount "123"]
[EventDate "1995.07.31"]
[EventType "swiss"]
[EventRounds "11"]
[EventCountry "GBR"]
[SourceTitle "BritBase"]
[Source "John Saunders"]
[SourceDate "2023.06.01"]
[SourceVersion "1"]
[SourceVersionDate "2023.06.01"]
[SourceQuality "1"]

1. d4 Nf6 2. c4 e6 3. Nc3 d5 4. Bg5 Be7 5. e3 O-O 6. Nf3 h6 7. Bh4 b6 8. Rb1
Ne4 9. Bxe7 Qxe7 10. Qc2 Bb7 11. cxd5 exd5 12. Bd3 c5 13. O-O Nd7 14. dxc5 bxc5
15. Rfd1 f5 16. Bf1 Ndf6 17. h3 g5 18. Rbc1 Rac8 19. Nd2 g4 20. Ndxe4 fxe4 21.
g3 Qe5 22. Qd2 gxh3 23. Bxh3 Qh5 24. Be6+ Kh8 25. Qe2 Qg5 26. Na4 c4 27. Nc3
Rce8 28. Bh3 h5 29. Kg2 Rf7 30. Nb5 Rg7 31. Rh1 Qe5 32. Nd4 Ba6 33. Rh2 Kg8 34.
Rch1 Kf8 35. Bf5 Rg5 36. Rxh5 Nxh5 37. Rxh5 Rxh5 38. Qxh5 Qf6 39. Bg6 Re5 40.
Nf5 Re6 41. Qh6+ Kg8 42. g4 Bc8 43. g5 Qxg6 44. Ne7+ Kf7 45. Nxg6 Rxg6 46. Qh7+
Rg7 47. Qh4 Bf5 48. Qf4 Ke6 49. Kf1 Rb7 50. Qh2 Bg6 51. Qh8 Rf7 52. Qd8 Kf5 53.
Qxd5+ Kg4 54. Ke2 Rh7 55. Qe5 Rf7 56. a4 Kh5 57. Qc5 Rb7 58. Qe5 a5 59. Kf1 Rb4
60. Kg2 Rxa4 61. Kg3 Ra1 62. Kf4 1-0

[Event "GBR-ch82"]
[Site "Swansea"]
[Date "1995.08.09"]
[Round "9"]
[White "Mah, Karl"]
[Black "Buckley, Graeme N"]
[Result "0-1"]
[WhiteElo "2200"]
[BlackElo "2355"]
[PlyCount "82"]
[EventDate "1995.07.31"]
[EventType "swiss"]
[EventRounds "11"]
[EventCountry "GBR"]
[SourceTitle "BritBase"]
[Source "John Saunders"]
[SourceDate "2023.06.01"]
[SourceVersion "1"]
[SourceVersionDate "2023.06.01"]
[SourceQuality "1"]

1. d4 g6 2. e4 d6 3. Nc3 c6 4. a4 Bg7 5. h3 a5 6. Nf3 Nf6 7. Be3 O-O 8. Bc4 d5
9. exd5 cxd5 10. Bb3 Nc6 11. O-O Bf5 12. Ne5 Rc8 13. g4 Bd7 14. f4 Nb4 15. Qf3
e6 16. Rf2 Ne8 17. Rh2 Nd6 18. h4 Be8 19. Qh3 f6 20. Nf3 Qb6 21. Re1 Bf7 22.
Kh1 Kh8 23. h5 gxh5 24. f5 exf5 25. gxh5 Rfe8 26. Nh4 f4 27. Ng6+ Bxg6 28. hxg6
h6 29. Qf3 Rxe3 30. Rxe3 fxe3 31. Qf4 Rc7 32. Rxh6+ Bxh6 33. Qxf6+ Kg8 34. Nxd5
Qc6 35. Qf3 Nc4 36. Bxc4 Kg7 37. b3 Nxd5 38. Bxd5 Qxc2 39. Qg3 Qd1+ 40. Kg2
Rc2+ 41. Kh3 Qh5+ 0-1

[Event "GBR-ch82"]
[Site "Swansea"]
[Date "1995.08.09"]
[Round "9"]
[White "Menadue, Jeremy FS"]
[Black "Byway, Paul V"]
[Result "1-0"]
[WhiteElo "2255"]
[BlackElo "2245"]
[PlyCount "69"]
[EventDate "1995.07.31"]
[EventType "swiss"]
[EventRounds "11"]
[EventCountry "GBR"]
[SourceTitle "BritBase"]
[Source "John Saunders"]
[SourceDate "2023.06.01"]
[SourceVersion "1"]
[SourceVersionDate "2023.06.01"]
[SourceQuality "1"]

1. d4 e6 2. c4 Nf6 3. Nc3 Bb4 4. g3 c5 5. Nf3 Nc6 6. Bg2 d6 7. O-O Bxc3 8. bxc3
O-O 9. Qd3 Qe7 10. e4 e5 11. d5 Na5 12. Ne1 b6 13. Nc2 Ba6 14. Ne3 Qd7 15. a4
Ng4 16. Nf5 g6 17. Nh6+ Nxh6 18. Bxh6 Bxc4 19. Qf3 f5 20. Rfe1 Rf7 21. Qe3 fxe4
22. Bxe4 Re8 23. h4 Qg4 24. Kg2 Ba6 25. f3 Qd7 26. Rh1 Rf5 27. g4 Rf7 28. h5
Nc4 29. Qg5 Rf4 30. hxg6 Ne3+ 31. Kg3 Nxg4 32. fxg4 Rxe4 33. gxh7+ Kh8 34. Qf6+
Kxh7 35. Bg7+ 1-0

[Event "GBR-ch82"]
[Site "Swansea"]
[Date "1995.08.09"]
[Round "9"]
[White "Pert, Nicholas"]
[Black "Turner, Matthew J"]
[Result "0-1"]
[WhiteElo "2160"]
[BlackElo "2400"]
[PlyCount "84"]
[EventDate "1995.07.31"]
[EventType "swiss"]
[EventRounds "11"]
[EventCountry "GBR"]
[SourceTitle "BritBase"]
[Source "John Saunders"]
[SourceDate "2023.06.01"]
[SourceVersion "1"]
[SourceVersionDate "2023.06.01"]
[SourceQuality "1"]

1. d4 Nf6 2. Nf3 g6 3. g3 Bg7 4. Bg2 d6 5. O-O O-O 6. c4 Nc6 7. Nc3 Bg4 8. d5
Bxf3 9. exf3 Na5 10. Qe2 c5 11. Bd2 a6 12. Nd1 b5 13. Bxa5 Qxa5 14. Qxe7 bxc4
15. Ne3 c3 16. bxc3 Rfd8 17. Bh3 Qxc3 18. Rab1 Bf8 19. Qc7 Ne8 20. Qc6 f5 21.
Rb7 Qa5 22. Rfb1 Qxa2 23. Bf1 Bg7 24. Bc4 Qa5 25. R7b6 Bd4 26. Rxa6 Rxa6 27.
Bxa6 Bxe3 28. fxe3 Qd2 29. Rb7 Qxe3+ 30. Kg2 Qd2+ 31. Kh3 g5 32. Qb6 Ra8 33.
Rb8 Rxb8 34. Qxb8 Kf7 35. Qc8 Qxd5 36. Qd7+ Kf8 37. Qxh7 g4+ 38. fxg4 fxg4+ 39.
Kh4 Nf6 40. Qh6+ Kf7 41. Bc8 Qe4 42. Qh8 c4 0-1

[Event "GBR-ch82"]
[Site "Swansea"]
[Date "1995.08.09"]
[Round "9"]
[White "Ryan, Joseph"]
[Black "Condie, Mark L"]
[Result "1/2-1/2"]
[WhiteElo "2210"]
[BlackElo "2450"]
[PlyCount "70"]
[EventDate "1995.07.31"]
[EventType "swiss"]
[EventRounds "11"]
[EventCountry "GBR"]
[SourceTitle "BritBase"]
[Source "John Saunders"]
[SourceDate "2023.06.01"]
[SourceVersion "1"]
[SourceVersionDate "2023.06.01"]
[SourceQuality "1"]

1. d4 Nf6 2. Nf3 e6 3. e3 c5 4. Bd3 d5 5. b3 Nc6 6. O-O Bd6 7. Bb2 Qc7 8. c4
cxd4 9. exd4 Nb4 10. Be2 Ne4 11. Nc3 Bd7 12. a3 Nxc3 13. Bxc3 Nc6 14. c5 Be7
15. b4 Bf6 16. b5 Ne7 17. Qd2 Ng6 18. g3 h5 19. h4 O-O 20. a4 e5 21. dxe5 Nxe5
22. Nxe5 Bxe5 23. Bxh5 Bxg3 24. Qg5 Bh2+ 25. Kg2 f6 26. Qxd5+ Kh8 27. Bg6 Bg4
28. Qc4 f5 29. f4 Qe7 30. Rh1 Qe3 31. Rxh2 Bf3+ 32. Kf1 Be4 33. Qd4 Bd3+ 34.
Kg2 Be4+ 35. Kf1 Bd3+ 1/2-1/2

[Event "GBR-ch82"]
[Site "Swansea"]
[Date "1995.08.09"]
[Round "9"]
[White "Sadler, Matthew D"]
[Black "Arkell, Keith C"]
[Result "1-0"]
[WhiteElo "2575"]
[BlackElo "2505"]
[PlyCount "79"]
[EventDate "1995.07.31"]
[EventType "swiss"]
[EventRounds "11"]
[EventCountry "GBR"]
[SourceTitle "BritBase"]
[Source "John Saunders"]
[SourceDate "2023.06.01"]
[SourceVersion "1"]
[SourceVersionDate "2023.06.01"]
[SourceQuality "1"]

1. d4 Nf6 2. c4 e6 3. Nc3 Bb4 4. Qc2 c5 5. dxc5 O-O 6. a3 Bxc5 7. Nf3 Nc6 8.
Bf4 Nh5 9. Bd2 d5 10. O-O-O Bxf2 11. cxd5 exd5 12. Bg5 f6 13. Rxd5 Qe8 14. e4
fxg5 15. Qxf2 h6 16. Qc5 Be6 17. Rd6 Bf7 18. Bb5 Rc8 19. Kb1 a6 20. Bxc6 Rxc6
21. Rxc6 bxc6 22. Ne5 Nf6 23. Nxc6 Kh7 24. Ka1 Nxe4 25. Nxe4 Qxe4 26. Qxf8 Qc4
27. Nb4 a5 28. Qa8 axb4 29. axb4 Bd5 30. Qa5 Bxg2 31. Qf5+ Kh8 32. Rd1 Qc7 33.
Qf8+ Kh7 34. Qf5+ Kh8 35. b5 Qa5+ 36. Kb1 Qa8 37. Rd4 Qa5 38. Qd3 Qe1+ 39. Ka2
Qe6+ 40. b3 1-0

[Event "GBR-ch82"]
[Site "Swansea"]
[Date "1995.08.09"]
[Round "9"]
[White "Thompson, Ian D"]
[Black "Howell, James C"]
[Result "0-1"]
[WhiteElo "2310"]
[BlackElo "2525"]
[PlyCount "92"]
[EventDate "1995.07.31"]
[EventType "swiss"]
[EventRounds "11"]
[EventCountry "GBR"]
[SourceTitle "BritBase"]
[Source "John Saunders"]
[SourceDate "2023.06.01"]
[SourceVersion "1"]
[SourceVersionDate "2023.06.01"]
[SourceQuality "1"]

1. c4 g6 2. Nc3 Bg7 3. g3 e5 4. Bg2 f5 5. e3 d6 6. Nge2 Nf6 7. O-O O-O 8. Rb1
c6 9. d3 Be6 10. b4 d5 11. cxd5 cxd5 12. d4 e4 13. Qb3 Nbd7 14. Na4 b6 15. b5
g5 16. f4 exf3 17. Bxf3 Ne4 18. Nac3 Ndf6 19. Nxe4 fxe4 20. Bg2 Qd7 21. Ba3 Rf7
22. Rbc1 Bf8 23. Rc6 Ng4 24. h3 Rxf1+ 25. Bxf1 Nh6 26. g4 Qf7 27. Ng3 Bxa3 28.
Qxa3 Qf3 29. Kh2 Bxg4 30. Bg2 Qf2 31. Qe7 Qxg3+ 32. Kxg3 Nf5+ 33. Kxg4 Nxe7 34.
Rc7 Kf7 35. h4 gxh4 36. Kxh4 a6 37. a4 axb5 38. axb5 Ra3 39. Rb7 Rxe3 40. Rxb6
Ng6+ 41. Kg4 h5+ 42. Kxh5 Nf4+ 43. Kg5 Nxg2 44. Kf5 Rf3+ 45. Ke5 e3 46. Rb7+
Kg6 0-1

[Event "GBR-ch82"]
[Site "Swansea"]
[Date "1995.08.09"]
[Round "9"]
[White "Vigus, James E"]
[Black "Hunt, Harriet"]
[Result "1/2-1/2"]
[WhiteElo "2110"]
[BlackElo "2385"]
[PlyCount "90"]
[EventDate "1995.07.31"]
[EventType "swiss"]
[EventRounds "11"]
[EventCountry "GBR"]
[SourceTitle "BritBase"]
[Source "John Saunders"]
[SourceDate "2023.06.01"]
[SourceVersion "1"]
[SourceVersionDate "2023.06.01"]
[SourceQuality "1"]

1. c4 e6 2. g3 d5 3. Nf3 Nf6 4. Bg2 c5 5. O-O Nc6 6. cxd5 Nxd5 7. d4 Nf6 8.
dxc5 Qxd1 9. Rxd1 Bxc5 10. a3 a5 11. b3 e5 12. Bb2 Be6 13. b4 axb4 14. axb4
Rxa1 15. Bxa1 Nxb4 16. Nxe5 b6 17. Nc3 O-O 18. Bb2 h6 19. Rd2 Bb3 20. Nb5 Re8
21. Bf3 Re7 22. h4 Bd5 23. Kg2 Bxf3+ 24. Kxf3 Re8 25. g4 Ra8 26. e3 Nfd5 27.
Nc4 Rc8 28. e4 Ne7 29. h5 Nec6 30. e5 Nd8 31. Ncd6 Ra8 32. Ne4 Ne6 33. Kg3 Ra5
34. Nbd6 Nc6 35. Nxc5 bxc5 36. f4 Ra4 37. Rf2 Rb4 38. Ba3 Ra4 39. Bb2 c4 40.
Rc2 Nxf4 41. Rxc4 Rxc4 42. Nxc4 Nd3 43. Bc3 Kf8 44. Kf3 Nc5 45. Ne3 g6 1/2-1/2

[Event "GBR-ch82"]
[Site "Swansea"]
[Date "1995.08.09"]
[Round "9"]
[White "Williams, Simon Kim"]
[Black "Ward, Christopher G"]
[Result "1/2-1/2"]
[WhiteElo "2250"]
[BlackElo "2500"]
[PlyCount "64"]
[EventDate "1995.07.31"]
[EventType "swiss"]
[EventRounds "11"]
[EventCountry "GBR"]
[SourceTitle "BritBase"]
[Source "John Saunders"]
[SourceDate "2023.06.01"]
[SourceVersion "1"]
[SourceVersionDate "2023.06.01"]
[SourceQuality "1"]

1. c4 c5 2. Nc3 b6 3. e4 Bb7 4. Nf3 d6 5. Bd3 g6 6. Bc2 Bg7 7. O-O Nf6 8. d4
cxd4 9. Nxd4 O-O 10. b3 Nbd7 11. Bb2 a6 12. Kh1 Re8 13. Qd2 Rc8 14. Rae1 Qc7
15. Nd5 Qb8 16. f4 e6 17. Nc3 e5 18. fxe5 Nxe5 19. Qg5 Ned7 20. Nd5 Nxd5 21.
exd5 Rxe1 22. Rxe1 Re8 23. Rf1 Ne5 24. Nc6 Qc7 25. Nxe5 Bxe5 26. Bxe5 Rxe5 27.
Qf6 Re8 28. Bd3 Qe7 29. h4 Qxf6 30. Rxf6 Rd8 31. g4 Kg7 32. g5 h6 1/2-1/2

[Event "GBR-ch82"]
[Site "Swansea"]
[Date "1995.08.10"]
[Round "10"]
[White "Arkell, Keith C"]
[Black "Ledger, Andrew J"]
[Result "1-0"]
[WhiteElo "2505"]
[BlackElo "2410"]
[PlyCount "95"]
[EventDate "1995.07.31"]
[EventType "swiss"]
[EventRounds "11"]
[EventCountry "GBR"]
[SourceTitle "BritBase"]
[Source "John Saunders"]
[SourceDate "2023.06.01"]
[SourceVersion "1"]
[SourceVersionDate "2023.06.01"]
[SourceQuality "1"]

1. d4 g6 2. c4 Bg7 3. Nf3 d6 4. g3 Bg4 5. Bg2 Nc6 6. d5 Ne5 7. Nxe5 Bxe5 8. Nc3
Qc8 9. h3 Bd7 10. Be3 c5 11. Qd2 a6 12. a4 b6 13. h4 h5 14. O-O Bg7 15. Rab1
Nh6 16. Bg5 Nf5 17. b4 cxb4 18. Rxb4 Nxg3 19. Rc1 f6 20. Bf4 Nf5 21. Ne4 Nxh4
22. Bxd6 Bh3 23. Bh1 Bh6 24. Qc3 Bxc1 25. Qxc1 Nf5 26. Bf4 g5 27. Be3 Rb8 28.
Bxb6 Nh4 29. Qe3 O-O 30. Kh2 Bf5 31. c5 Ng6 32. c6 a5 33. Rb5 Ne5 34. Qd4 Bg6
35. c7 Ra8 36. d6 Qg4 37. dxe7 Qf4+ 38. Kg1 Qc1+ 39. Kg2 Bxe4+ 40. Qxe4 Rfe8
41. Rd5 Qf4 42. Qxf4 gxf4 43. Kf1 f3 44. Rd8 Kf7 45. exf3 Nc4 46. Bc5 Rc8 47.
f4 Ke6 48. Bd5+ 1-0

[Event "GBR-ch82"]
[Site "Swansea"]
[Date "1995.08.10"]
[Round "10"]
[White "Barnes, Michael H"]
[Black "Bates, Richard A"]
[Result "0-1"]
[WhiteElo "2295"]
[BlackElo "2345"]
[PlyCount "74"]
[EventDate "1995.07.31"]
[EventType "swiss"]
[EventRounds "11"]
[EventCountry "GBR"]
[SourceTitle "BritBase"]
[Source "John Saunders"]
[SourceDate "2023.06.01"]
[SourceVersion "1"]
[SourceVersionDate "2023.06.01"]
[SourceQuality "1"]

1. e4 c5 2. Nf3 d6 3. d4 cxd4 4. Nxd4 Nf6 5. Nc3 a6 6. a4 e6 7. Be2 Be7 8. O-O
O-O 9. Be3 Nc6 10. f4 Qc7 11. Bf3 Re8 12. Kh1 Bd7 13. Qe2 e5 14. Nxc6 Bxc6 15.
a5 exf4 16. Bxf4 Bf8 17. Qc4 Rac8 18. Rfe1 Re6 19. Re2 h6 20. h3 g5 21. Bd2 Bg7
22. Qb4 Rce8 23. Rae1 Re5 24. g3 Qd7 25. Kh2 h5 26. Bg2 Qe6 27. Qb6 Rc5 28. Qa7
Qe5 29. Re3 h4 30. Rf1 hxg3+ 31. Kh1 Qd4 32. Rd3 Qc4 33. b3 Qe6 34. b4 Nxe4 35.
bxc5 Qxh3+ 36. Bxh3 Nf2+ 37. Kg1 Nxh3# 0-1

[Event "GBR-ch82"]
[Site "Swansea"]
[Date "1995.08.10"]
[Round "10"]
[White "Buckley, Graeme N"]
[Black "Menadue, Jeremy FS"]
[Result "1-0"]
[WhiteElo "2355"]
[BlackElo "2255"]
[PlyCount "139"]
[EventDate "1995.07.31"]
[EventType "swiss"]
[EventRounds "11"]
[EventCountry "GBR"]
[SourceTitle "BritBase"]
[Source "John Saunders"]
[SourceDate "2023.06.01"]
[SourceVersion "1"]
[SourceVersionDate "2023.06.01"]
[SourceQuality "1"]

1. d4 d5 2. c4 c6 3. Nf3 Nf6 4. Nc3 dxc4 5. a4 a5 6. e3 Bg4 7. Bxc4 e6 8. O-O
Bb4 9. Be2 Nbd7 10. Qc2 O-O 11. e4 Rc8 12. e5 Bxf3 13. Bxf3 Nd5 14. Rd1 Kh8 15.
Be4 f5 16. exf6 N7xf6 17. Bg5 Qd6 18. Bf3 Bxc3 19. bxc3 e5 20. Qf5 e4 21. Bxe4
Nxe4 22. Qxe4 Nxc3 23. Qe7 Qxe7 24. Bxe7 Nxd1 25. Bxf8 Rxf8 26. Rxd1 Kg8 27.
Kf1 Kf7 28. Rb1 Rb8 29. d5 cxd5 30. Rb6 Ke7 31. Ke2 Kd7 32. Kd3 Kc7 33. Rb5 Kc6
34. Rxa5 Rf8 35. f3 Rf4 36. Ra8 Kc5 37. Rc8+ Kb6 38. Re8 Rf7 39. Kd4 Rd7 40. h4
Ka5 41. Ra8+ Kb6 42. a5+ Kb5 43. Ra7 Kc6 44. h5 h6 45. a6 bxa6 46. Rxa6+ Kb5
47. Re6 Rc7 48. Rg6 Rd7 49. f4 Rf7 50. g3 Rf5 51. Rxg7 Rxh5 52. g4 Rh4 53. Kxd5
h5 54. gxh5 Rxf4 55. Ke5 Rh4 56. Rg5 Kb6 57. Kf6 Rh1 58. Kg7 Rc1 59. Rf5 Rg1+
60. Kf7 Rh1 61. Kg6 Rg1+ 62. Rg5 Rc1 63. h6 Rc6+ 64. Kh5 Rc7 65. Rg6+ Kb5 66.
Rf6 Kb4 67. Kg6 Rc1 68. h7 Ra1 69. Kf7 Rh1 70. Kg7 1-0

[Event "GBR-ch82"]
[Site "Swansea"]
[Date "1995.08.10"]
[Round "10"]
[White "Cobb, Charles A"]
[Black "Pert, Nicholas"]
[Result "1/2-1/2"]
[WhiteElo "2210"]
[BlackElo "2160"]
[PlyCount "118"]
[EventDate "1995.07.31"]
[EventType "swiss"]
[EventRounds "11"]
[EventCountry "GBR"]
[SourceTitle "BritBase"]
[Source "John Saunders"]
[SourceDate "2023.06.01"]
[SourceVersion "1"]
[SourceVersionDate "2023.06.01"]
[SourceQuality "1"]

1. e4 e6 2. d4 d5 3. Nc3 Bb4 4. Nge2 dxe4 5. a3 Be7 6. Nxe4 Nf6 7. Qd3 Bd7 8.
N2c3 Bc6 9. Be2 Nxe4 10. Nxe4 f5 11. Nd2 Bf6 12. Nf3 Qe7 13. O-O Be4 14. Qb3
Nc6 15. Be3 O-O 16. c3 Bd5 17. Qa4 a6 18. Ne1 e5 19. Bc4 Bf7 20. Bxf7+ Qxf7 21.
dxe5 Nxe5 22. Qf4 Qb3 23. Rb1 g6 24. Nf3 Nxf3+ 25. Qxf3 Rad8 26. Bf4 Rf7 27.
Rfe1 Rfd7 28. h3 c6 29. Bh6 Qc2 30. Qf4 Re7 31. Qc4+ Rd5 32. Rbc1 Qxb2 33. Rxe7
Bxe7 34. Re1 Bf6 35. Qf4 Qxc3 36. Qb8+ Rd8 37. Re8+ Kf7 38. Rf8+ Ke6 39. Re8+
Rxe8 40. Qxe8+ Kd6 41. Bf4+ Be5 42. Qd8+ Kc5 43. Qe7+ Kd5 44. Qd7+ Ke4 45. Bxe5
Qxe5 46. Qxb7 Qa1+ 47. Kh2 Qe5+ 48. Kg1 Qa1+ 49. Kh2 Qxa3 50. Qxc6+ Ke5 51.
Qe8+ Kd5 52. Qf7+ Kc6 53. Qxh7 a5 54. g3 Qd6 55. Qa7 Kb5 56. Qb7+ Kc4 57. Qc8+
Kb4 58. Qb7+ Ka3 59. Qf3+ Kb4 1/2-1/2

[Event "GBR-ch82"]
[Site "Swansea"]
[Date "1995.08.10"]
[Round "10"]
[White "Hebden, Mark L"]
[Black "Cobb, James E"]
[Result "1-0"]
[WhiteElo "2570"]
[BlackElo "2280"]
[PlyCount "111"]
[EventDate "1995.07.31"]
[EventType "swiss"]
[EventRounds "11"]
[EventCountry "GBR"]
[SourceTitle "BritBase"]
[Source "John Saunders"]
[SourceDate "2023.06.01"]
[SourceVersion "1"]
[SourceVersionDate "2023.06.01"]
[SourceQuality "1"]

1. d4 c5 2. e3 d5 3. c4 e6 4. Nf3 Nf6 5. cxd5 exd5 6. Bb5+ Nc6 7. O-O Be7 8.
Ne5 Bd7 9. Nxd7 Qxd7 10. dxc5 Bxc5 11. Nc3 O-O 12. Bd2 Bd6 13. Rc1 Rac8 14. Qa4
Bb8 15. Qh4 Rfe8 16. Rfd1 Re5 17. Be2 Rce8 18. Bf3 g5 19. Qa4 g4 20. Be2 Rh5
21. g3 Qf5 22. Qc2 Ne4 23. Be1 Re5 24. Nxe4 dxe4 25. Qb3 Re8 26. Qxb7 Ne5 27.
Rc5 Nf3+ 28. Bxf3 Qxc5 29. Bxg4 Qb5 30. Qa8 Rxh2 31. Rd5 Qb6 32. Rg5+ Kf8 33.
a3 Rh6 34. Bb4+ Bd6 35. Rg8+ Kxg8 36. Qxe8+ Kg7 37. Bc3+ f6 38. Qxe4 Rg6 39.
Bf5 Rh6 40. Qg4+ Kf8 41. Qe4 Qc7 42. Kg2 Qe7 43. Qxe7+ Kxe7 44. f4 Bc5 45. e4
Bb6 46. a4 a5 47. b4 axb4 48. Bxb4+ Ke8 49. a5 Bc7 50. a6 Bb6 51. Be6 Rh5 52.
Bd5 Ba7 53. Bd2 f5 54. e5 Rh6 55. e6 Bc5 56. Bb4 1-0